| 000 | 00387nam a2200157Ia 4500 | ||
|---|---|---|---|
| 008 | 230917s9999||||xx |||||||||||||| ||und|| | ||
| 040 |
_e158362 _aMAIN |
||
| 041 | _aEnglish | ||
| 082 | _a346.022 K143S(10) | ||
| 100 | _aKapoor, Shyam Kishore | ||
| 245 | 0 | _aSamvida vidhi-I | |
| 250 | _a10 th ed. | ||
| 260 |
_aAllahabad _bCentral Law Agency _c1999 |
||
| 300 | _a308 p. | ||
| 942 | _cBK | ||
| 999 |
_c105464 _d105464 |
||